| 000 | 01230nam a22002657a 4500 | ||
|---|---|---|---|
| 005 | 20170124102958.0 | ||
| 010 | _aB-071445 | ||
| 020 |
_c500.00 _a81860440005 |
||
| 035 | _aB-071445 | ||
| 037 | _bCen Lib/Ret | ||
| 040 |
_aDPL _bHN |
||
| 082 |
_a821 _bरसिक |
||
| 100 |
_aरसिक बिहारी मंजुल _942396 |
||
| 245 |
_aभारत भवानी : _cरसिक बिहारी मंजुल _bकारगिल युद्ध से जुडी कुछ कविताएँ / |
||
| 246 |
_aBharat bhavani : kargil yudh se judi kuch kavitayen _bby Rasik Bihari Manjul |
||
| 260 |
_aनई दिल्ली _bरविम प्रकाशन _c2000 |
||
| 270 |
_a107-108,ई -16, सेक्टर 8,रोहिणी _bनई ल्ली _e110085 |
||
| 300 |
_axviii,282पृष्ठ. : _c21सेमी(सजिल्द) _bचित्र . |
||
| 650 |
_aहिंदी साहित्य _953728 |
||
| 650 |
_aहिंदी काव्य-कारगिल युद्ध _947204 |
||
| 650 |
_aHindi Literature _953729 |
||
| 650 |
_aHindi poetry - Kargil _953730 |
||
| 700 | _953319 | ||
| 942 |
_2ddc _cHN _h821 _mरसिक |
||
| 999 |
_c113759 _d113759 |
||